| 000 | 00750nam a22002177a 4500 | ||
|---|---|---|---|
| 999 |
_c6160 _d6160 |
||
| 003 | AR-CdUCM | ||
| 008 | 190313b ||||| |||| 00| 0 spa d | ||
| 040 |
_aMUNICIPALIDAD PROVINCIAL DEL CUSCO _cBIBLIOTECA MUNICIPAL DEL CUSCO |
||
| 082 |
_a101 / _bB82 |
||
| 100 |
_aBretel Bibus, Luis _917824 |
||
| 245 | _aFilosofía y lógica / | ||
| 260 |
_aLima : _bStella, |
||
| 300 |
_a143 páginas ; _bfiguras, _c21 cm. |
||
| 440 |
_aCentro de proyección cristiana. _n5 _917825 |
||
| 505 | _aContenido: La filosofía -- Lo real y el conocimiento como problema -- El hombre como problema -- Introducción a la lógica ... | ||
| 650 |
_aFilosofía _9395 |
||
| 650 |
_aLógica _92358 |
||
| 650 |
_aEl Silogismo _917826 |
||
| 942 |
_2ddc _cLIBROS |
||
| 945 | _aachl | ||